[Event "Limeira Nacional Inn op"]
[Site "Limeira"]
[Date "2018.10.20"]
[Round "3"]
[White "Pardo, Fernando Jose"]
[Black "Santos, Celso da Silva"]
[Result "1/2-1/2"]
[WhiteElo "1460"]
[BlackElo "2121"]
[PlyCount "32"]
[EventDate "2018.10.19"]
[EventType "swiss"]
[EventRounds "6"]
[EventCountry "BRA"]
[SourceTitle "CBM 187 Extra"]
[Source "ChessBase"]
[SourceDate "2018.11.04"]
[SourceVersion "1"]
[SourceVersionDate "2018.11.04"]
[SourceQuality "1"]

1. c4 c6 2. g3 d5 3. Bg2 Nf6 4. d4 e6 5. Nf3 Nbd7 6. Qc2 Bd6 7. Nbd2 0-0 8. 0-0 Re8 9. e4 dxe4 10. Nxe4 Nxe4 11. Qxe4 e5 12. Re1 Nf6 13. Qh4 Bb4 14. Rxe5 Be6 15. c5 Nd5 16. Qxd8 Raxd8 1/2-1/2

[Event "Rio de Janeiro Da Motta Cup"]
[Site "Rio de Janeiro"]
[Date "2008.12.10"]
[Round "5"]
[White "Santos, Celso da Silva"]
[Black "Chaves, Jorge Antonio Torre"]
[Result "1-0"]
[WhiteElo "2134"]
[BlackElo "2053"]
[PlyCount "131"]
[EventDate "2008.12.06"]
[EventType "tourn"]
[EventRounds "9"]
[EventCountry "BRA"]
[SourceTitle "EXT 2010"]
[Source "ChessBase"]
[SourceDate "2010.11.25"]
[SourceVersion "1"]
[SourceVersionDate "2010.11.25"]
[SourceQuality "1"]

1. d4 Nf6 2. c4 e6 3. Nc3 d5 4. Nf3 c6 5. cxd5 exd5 6. Bg5 Be7 7. e3 0-0 8. Bd3 Nbd7 9. Qc2 Re8 10. 0-0 Nf8 11. Rae1 h6 12. Bh4 Ne4 13. Bxe7 Qxe7 14. Bxe4 dxe4 15. Nd2 b6 16. Qxe4 Qxe4 17. Ncxe4 Ba6 18. Nd6 Red8 19. N6c4 b5 20. Na5 c5 21. Nc6 Rd6 22. Ne7+ Kh7 23. Ne4 Re6 24. Nxc5 Re8 25. Nd5 Rc8 26. Nb4 Rxc5 27. dxc5 Bb7 28. Rc1 a5 29. c6 Bc8 30. Nd5 Ng6 31. f4 Ne7 32. Nxe7 Rxe7 33. Kf2 Rc7 34. e4 Kg6 35. Ke3 Kf6 36. Kd4 Be6 37. b3 a4 38. f5 Bc8 39. e5+ Ke7 40. Kc5 axb3 41. axb3 Ra7 42. Rf2 Kd8 43. Kb6 Ra6+ 44. Kxb5 Kc7 45. Rc5 Ra3 46. Kb4 Ra1 47. e6 fxe6 48. f6 gxf6 49. Rxf6 Re1 50. Rxh6 e5 51. Rh7+ Kd6 52. Rh8 Kc7 53. Rxc8+ Kxc8 54. Kc4 Kc7 55. b4 e4 56. h4 Rg1 57. Kd4 Rxg2 58. h5 Rb2 59. b5 Rb4+ 60. Ke3 Ra4 61. Re5 Rb4 62. h6 Rb3+ 63. Kxe4 Rh3 64. Re7+ Kb6 65. Rb7+ Kc5 66. c7 1-0

[Event "Rio de Janeiro Da Motta Cup"]
[Site "Rio de Janeiro"]
[Date "2008.12.09"]
[Round "4"]
[White "Fontes, Carlos Henrique Bat"]
[Black "Santos, Celso da Silva"]
[Result "1-0"]
[WhiteElo "2222"]
[BlackElo "2134"]
[PlyCount "84"]
[EventDate "2008.12.06"]
[EventType "tourn"]
[EventRounds "9"]
[EventCountry "BRA"]
[SourceTitle "EXT 2010"]
[Source "ChessBase"]
[SourceDate "2010.11.25"]
[SourceVersion "1"]
[SourceVersionDate "2010.11.25"]
[SourceQuality "1"]

1. c4 c5 2. Nf3 Nf6 3. g3 b6 4. Bg2 Bb7 5. 0-0 e6 6. Nc3 Be7 7. d3 0-0 8. e4 d6 9. h3 Nbd7 10. Be3 Rc8 11. Qb3 Ne5 12. Ne1 Nc6 13. Rc1 Na5 14. Qc2 d5 15. Nb5 a6 16. Na3 dxe4 17. dxe4 Nc6 18. e5 Nd7 19. f4 Nb4 20. Qb1 Qc7 21. Nac2 Bxg2 22. Nxg2 Nc6 23. Rce1 b5 24. Na3 Qb7 25. Qe4 b4 26. Nb1 g6 27. Nd2 Qc7 28. Bf2 Rfd8 29. Nf3 Nb6 30. b3 Qd7 31. Re3 Nd4 32. g4 Qc6 33. Nd2 Rd7 34. Bh4 Bxh4 35. Nxh4 Qxe4 36. Nxe4 Rdc7 37. Rd1 Rd8 38. Kf2 Nd7 39. Red3 Kf8 40. Nf3 Nxf3 41. Kxf3 Ke7 42. Nf6 Ra7 1-0

[Event "Rio de Janeiro Da Motta Cup"]
[Site "Rio de Janeiro"]
[Date "2008.12.08"]
[Round "3"]
[White "Santos, Celso da Silva"]
[Black "Maia, Jose Eduardo Bastos"]
[Result "1/2-1/2"]
[WhiteElo "2134"]
[BlackElo "2139"]
[PlyCount "84"]
[EventDate "2008.12.06"]
[EventType "tourn"]
[EventRounds "9"]
[EventCountry "BRA"]
[SourceTitle "EXT 2010"]
[Source "ChessBase"]
[SourceDate "2010.11.25"]
[SourceVersion "1"]
[SourceVersionDate "2010.11.25"]
[SourceQuality "1"]

1. e4 e5 2. d4 exd4 3. Qxd4 Nc6 4. Qe3 g6 5. Bd2 Bg7 6. Nc3 Nge7 7. 0-0-0 0-0 8. h4 d5 9. Nxd5 Nxd5 10. exd5 Qxd5 11. Bc3 Qxa2 12. Bxg7 Kxg7 13. Qc3+ f6 14. b3 Bf5 15. Bd3 Bxd3 16. Rxd3 Rad8 17. Rhh3 Qa5 18. Qxa5 Nxa5 19. Ne2 Nc6 20. Nf4 Kf7 21. Rde3 Ne5 22. Rc3 c6 23. Nd3 Nd7 24. b4 Rfe8 25. b5 cxb5 26. Rc7 Re7 27. Rxb7 Nb6 28. Rxe7+ Kxe7 29. h5 g5 30. Nb4 Rd6 31. Ra3 Na4 32. c4 a6 33. cxb5 axb5 34. Kc2 Kf7 35. Nd3 Rd4 36. Rb3 Rc4+ 37. Kd2 Nc5 38. Rxb5 Nxd3 39. Kxd3 Rh4 40. Ke3 Rxh5 41. g4 Rh4 42. f3 Rh3 1/2-1/2

[Event "Rio de Janeiro Rovedo op"]
[Site "Rio de Janeiro"]
[Date "2008.07.26"]
[Round "7"]
[White "Santos, Celso da Silva"]
[Black "Chauca, Jose Luis Murga"]
[Result "1-0"]
[WhiteElo "2112"]
[BlackElo "2184"]
[PlyCount "98"]
[EventDate "2008.06.14"]
[EventType "swiss"]
[EventRounds "7"]
[EventCountry "BRA"]
[SourceTitle "EXT 2009"]
[Source "ChessBase"]
[SourceDate "2008.11.26"]
[SourceVersion "1"]
[SourceVersionDate "2008.11.26"]
[SourceQuality "1"]

1. c4 c5 2. Nc3 Nc6 3. Nf3 g6 4. e3 Bg7 5. d4 cxd4 6. exd4 d6 7. Be2 Nf6 8. d5 Nb8 9. 0-0 0-0 10. Nd4 a6 11. Be3 e5 12. dxe6 fxe6 13. Qd2 Qc7 14. Rad1 Rd8 15. Rfe1 Nc6 16. f4 Bd7 17. Bf3 Nxd4 18. Bxd4 Qxc4 19. Bb6 d5 20. Bxd8 Rxd8 21. Kh1 b5 22. Rc1 Qb4 23. Ne4 Qe7 24. Nc5 Bc8 25. Nd3 Qd6 26. Ne5 Bb7 27. Qa5 Ne8 28. b3 Bh6 29. Nd3 Rb8 30. Bg4 Ng7 31. Qc7 Qf8 32. Bxe6+ Kh8 33. Bc8 Rxc8 34. Qxb7 Rd8 35. Rc7 Qf5 36. Ne5 Bxf4 37. Nf7+ Kg8 38. Nxd8 Bxc7 39. Qxc7 Qf2 40. Qe7 h5 41. Qe2 Qf6 42. Ne6 Nf5 43. Nf4 Kg7 44. Nxd5 Qh4 45. Kg1 Qd4+ 46. Ne3 a5 47. Kh1 Nd6 48. Nc2 Qf4 49. Qe7+ Nf7 1-0

[Event "Rio de Janeiro Rovedo op"]
[Site "Rio de Janeiro"]
[Date "2008.06.21"]
[Round "2"]
[White "Mascarenhas, Alberto Pinheiro"]
[Black "Santos, Celso da Silva"]
[Result "1-0"]
[WhiteElo "2225"]
[BlackElo "2112"]
[PlyCount "77"]
[EventDate "2008.06.14"]
[EventType "swiss"]
[EventRounds "7"]
[EventCountry "BRA"]
[SourceTitle "EXT 2009"]
[Source "ChessBase"]
[SourceDate "2008.11.26"]
[SourceVersion "1"]
[SourceVersionDate "2008.11.26"]
[SourceQuality "1"]

1. c4 c5 2. Nc3 Nc6 3. g3 g6 4. Bg2 Bg7 5. d3 Nf6 6. e4 d6 7. f4 a6 8. Nf3 Rb8 9. 0-0 b5 10. h3 bxc4 11. dxc4 Be6 12. Qd3 Nh5 13. Kh2 f5 14. Ng5 Nb4 15. Qe2 Bd7 16. exf5 Bxf5 17. g4 Bd3 18. Qxd3 Nxd3 19. Bc6+ Qd7 20. Bxd7+ Kxd7 21. gxh5 Nxb2 22. Nge4 Nxc4 23. Rb1 Kc6 24. Rxb8 Rxb8 25. hxg6 hxg6 26. Rg1 Bd4 27. Rxg6 Nb2 28. h4 Nd3 29. Bd2 Rb2 30. Rg2 e6 31. Ne2 d5 32. Nxd4+ cxd4 33. Ng5 Kd7 34. h5 Nc5 35. h6 Rb8 36. Nf7 Ke7 37. Ne5 Kf6 38. Rg7 Rh8 39. Rf7# 1-0

[Event "Rio de Janeiro Andrade op"]
[Site "Rio de Janeiro"]
[Date "2008.04.22"]
[Round "1"]
[White "Ramos, Angelo Bil"]
[Black "Santos, Celso da Silva"]
[Result "1/2-1/2"]
[WhiteElo "2238"]
[BlackElo "2050"]
[PlyCount "133"]
[EventDate "2008.04.22"]
[EventType "swiss"]
[EventRounds "7"]
[EventCountry "BRA"]
[SourceTitle "EXT 2009"]
[Source "ChessBase"]
[SourceDate "2008.11.26"]
[SourceVersion "1"]
[SourceVersionDate "2008.11.26"]
[SourceQuality "1"]

1. e4 e5 2. Nf3 Nc6 3. Bb5 a6 4. Ba4 Nf6 5. 0-0 Be7 6. Re1 b5 7. Bb3 d6 8. c3 0-0 9. h3 Na5 10. Bc2 c5 11. d4 Qc7 12. Nbd2 cxd4 13. cxd4 Nc6 14. d5 Nb4 15. Bb1 Bd7 16. Nf1 a5 17. Bd2 Rfc8 18. Bxb4 axb4 19. Ne3 g6 20. Bc2 Ra6 21. Qd2 Qa7 22. Qxb4 Bd8 23. Qb3 Bb6 24. Bd3 Rb8 25. Kh2 Bc5 26. a3 Ra4 27. Qc2 b4 28. Rab1 b3 29. Qd1 Nxe4 30. Qe2 Nf6 31. Nd2 Qa5 32. Bc4 Bb5 33. Nxb3 Bxc4 34. Nxc4 Qb5 35. Nxc5 Rxc4 36. Nd3 Nxd5 37. Rbc1 Rd4 38. Rcd1 Qc4 39. Rd2 f5 40. Nc1 Nf4 41. Qxc4+ Rxc4 42. Rxd6 Rc2 43. Nd3 Nxd3 44. Rxd3 Rcxb2 45. Rxe5 Rxf2 46. Ree3 Rbb2 47. Rg3 Ra2 48. Rd7 Rad2 49. Rxd2 Rxd2 50. Rb3 Kg7 51. Kg3 Kf6 52. h4 Ke5 53. Kf3 Ra2 54. g3 h6 55. Rc3 Kd4 56. Rb3 g5 57. hxg5 hxg5 58. Rb4+ Ke5 59. a4 Ra3+ 60. Kf2 f4 61. gxf4+ gxf4 62. Rb5+ Ke4 63. Rb4+ Kf5 64. Rb5+ Kg4 65. Rb8 Ra2+ 66. Kf1 Rxa4 67. Rb3 1/2-1/2

[Event "Rio de Janeiro Bento da Silva op"]
[Site "Rio de Janeiro"]
[Date "2008.03.29"]
[Round "6"]
[White "Von Buelow, Georg"]
[Black "Santos, Celso da Silva"]
[Result "1-0"]
[WhiteElo "2367"]
[BlackElo "2050"]
[PlyCount "35"]
[EventDate "2008.02.16"]
[EventType "swiss"]
[EventRounds "7"]
[EventCountry "BRA"]
[SourceTitle "EXT 2009"]
[Source "ChessBase"]
[SourceDate "2008.11.26"]
[SourceVersion "1"]
[SourceVersionDate "2008.11.26"]
[SourceQuality "1"]

1. Nf3 Nf6 2. c4 c6 3. d4 d5 4. Qc2 e6 5. Bg5 Nbd7 6. e3 Qa5+ 7. Nbd2 Ne4 8. Bf4 Bb4 9. a3 a6 10. Rd1 Be7 11. Bd3 f5 12. h3 g5 13. Bh2 Qd8 14. g4 Ndf6 15. Ne5 dxc4 16. Ndxc4 b5 17. Nxc6 Qd5 18. Nb6 1-0